Polskie miasta na literę U na mapie - Statystyki

Ogólne statystyki
  • Ten quiz został rozwiązany 36 razy
  • Średni wynik to 5 z 9
Odpowiedzi na mapie
Odpowiedzi zakodowano w zielono-czerwonej skali na mapie do tego quizu, zgodnie z poniższymi procentami.
 
Statystyki odpowiedzi
Województwo Miasto Populacja % Poprawnych
Pomorskie Ustka 13k
94%
Śląskie Ustroń 16k
79%
Podkarpackie Ustrzyki Dolne 8k
76%
Łódzkie Uniejów 3k
62%
Opolskie Ujazd 1,8k
50%
Łódzkie Ujazd 1,7k
50%
Wielkopolskie Ujście 3,6k
41%
Podkarpackie Ulanów 1,3k
29%
Lubelskie Urzędów 1,7k
26%
Nie znaleziono quizów pasujących do podanych kryteriów
Rozkład punktacji
Procent ludzi z każdym wynikiem
Percentyl według liczby udzielonych odpowiedzi
Twoja historia wyników
Nie rozwiązałeś tego quizu